000 00980nam a2200241 a 4500
001 62381
003 BD-RjUL
005 20211209081057.0
008 170123s1993 bg ||||| |||| 00| 0 ben d
020 _c: TK 160.00
035 _a(BD-RjUL)62507
040 _aBD-RjUL
_bben
_cBD-RjUL
041 _aben
082 _223
_a651.3
_bALF 993
100 _aআল-ফারুক, এম. এম.
_9185535
245 1 0 _aফান্ডামেন্টাল রুলস = Fundamental rules & Circulars of supplementary rules /
_cএম. এম. আল-ফারুক, কামালউদ্দিন আহমেদ
260 _aঢাকা :
_bআশেক আল-ফারুকী,
_c১৯৯৩
300 _a১৮৪ পৃ. ;
_c২৩ সেমি.
650 _aঅফিস ব্যবস্থাপনা
_9185536
650 _aOffice Management
_9182387
700 _aআহমেদ, কামালউদ্দিন
_9173234
942 _2ddc
_cBK
999 _c62381
_d62381